00367nam a2200097Ia 4500008004100000100002200041245009300063260003900156650001300195856006100208160909s9999 xx 000 0 und d aSenaga, Karen Aki aTasteless, cheap, and southern? The rise and decline of the farm-raised catfish industry bMississippi State Universityc2016 aCULINARY uhttp://pqdtopen.proquest.com/doc/1784302500.html?FMT=ABS